Central Library OPAC University of Rajshahi

Prayer book for the Muslims : (Record no. 32527)

MARC details
000 -LEADER
fixed length control field 00670nam a22002297a 4500
001 - CONTROL NUMBER
control field 32527
003 - CONTROL NUMBER IDENTIFIER
rucl marc code BD-RjUL
005 - DATE AND TIME OF LATEST TRANSACTION
control field 20211209051842.0
008 - FIXED-LENGTH DATA ELEMENTS--GENERAL INFORMATION
fixed length control field 140427s1924 ii a|||| |||| 00| 0 eng d
035 ## - SYSTEM CONTROL NUMBER
System control number (BD-RjUL) 32616
040 ## - CATALOGING SOURCE
Original cataloging agency BD-RjUL
Language of cataloging eng
Transcribing agency BD-RjUL
Modifying agency BD-RjUL
041 ## - LANGUAGE CODE
Language code of text/sound track or separate title eng
082 00 - DEWEY DECIMAL CLASSIFICATION NUMBER
Classification number 297
Author mark and year KHP 1924
100 1# - MAIN ENTRY--PERSONAL NAME
Personal name Khan, Abid Ali
9 (RLIN) 98963
245 10 - TITLE STATEMENT
Title Prayer book for the Muslims :
Remainder of title with the Risalai-namaz /
Statement of responsibility, etc. by Abid Ali Khan
250 ## - EDITION STATEMENT
Edition statement 2nd ed.
260 ## - PUBLICATION, DISTRIBUTION, ETC. (IMPRINT)
Place of publication, distribution, etc. Malda :
Name of publisher, distributor, etc. Muslim store,
Date of publication, distribution, etc. 1924.
300 ## - PHYSICAL DESCRIPTION
Pagination 52p. :
Illustrations ill. ;
Size 19cm.
650 #0 - SUBJECT ADDED ENTRY--TOPICAL TERM
Topical term or geographic name as entry element Islam.
9 (RLIN) 98964
Topical term or geographic name as entry element Islam
General subdivision Prayer-books and devotions -- English.
9 (RLIN) 98965
942 ## - ADDED ENTRY ELEMENTS (KOHA)
Source of classification or shelving scheme Dewey Decimal Classification
Koha item type Books
Holdings
Lost status Source of classification or shelving scheme Damaged status Not for loan Collection code Permanent Location Current Location Shelving location Date acquired Source of acquisition Total Checkouts Full call number Date last seen Copy number Koha item type Cost, normal purchase price
  Dewey Decimal Classification   Not For Loan Non-fiction Central Library, University of Rajshahi Central Library, University of Rajshahi Reading Room 19/01/1963 G.M. hilali   297 KHP 1924 27/04/2014 C-1 Books  
  Dewey Decimal Classification     Non-fiction Central Library, University of Rajshahi Central Library, University of Rajshahi   07/08/1968 Province   297 KHP 1941 27/04/2014 C-2 Books 3.00